00519nam a2200121Ia 45000010005000000080041000050820024000461000011000702450251000812600024003329010026003569990015003823603241024s9999 xx 000 0 und d aRD/371.3/ID19e/2012 aIDEICE 0aPropuesta de investigación: La enseñanza de la matemática como factor del fracaso escolar en el Primer Ciclo del Nivel Básico, La enseñanza y el aprendizaje de la lectoescritura como factor del fracaso escolar, en República Dominicana bSanto Domingoc2011 a9/1/2014 2:57:28 p.m. c8849d8849